Древнеримский пантеон богов - Армагеддон - Statistics

General Stats
  • This quiz has been taken 37 times
  • The average score is 6 of 16
Answers on the Grid
Answers color-coded by a green-red scale on the quiz's grid according to % correct below.
Зевс
Опа
Харон
Деймос
Юнона
Афродита
Вулкан
Арес
Деметра
Купидон
Аид
Кронос
Посейдон
Гермес
Электра
Аполлон
Фобос
Нептун
Гея
Юпитер
Венера
Веста
Ника
Вакх
Эрот
Марс
Европа
Меркурий
Цирцея
Гефест
Прозерпина
Плутон
Церера
Ариадна
Психея
Адонис
Персефона
Сатурн
Клио
Либер
 
Answer Stats
Answer % Correct
Вулкан
62%
Юнона
54%
Юпитер
54%
Марс
46%
Нептун
42%
Меркурий
38%
Сатурн
38%
Венера
35%
Веста
31%
Церера
31%
Плутон
31%
Прозерпина
23%
Купидон
19%
Аполлон
19%
Либер
15%
Опа
12%
No matching quizzes found
Score Distribution
Percent of People with Each Score
Percentile by Number Answered
Your Score History
You have not taken this quiz